| 000 | 00389pab a2200157 454500 | ||
|---|---|---|---|
| 008 | 180718b2011 xxu||||| |||| 00| 0 eng d | ||
| 100 | _aGaleotti, Mark | ||
| 245 | _aGlobal crime: Political challenges and responses (Review essay) | ||
| 260 | _c2011 | ||
| 300 | _ap.597-601. | ||
| 362 | _aSep | ||
| 650 | _aCrime | ||
| 773 | _aPerspectives on Politics | ||
| 908 | _aN | ||
| 909 | _a93860 | ||
| 999 |
_c93860 _d93860 |
||